000 00695nam a2200265Ia 4500
005 20250425162325.0
008 250425s9999 xx 000 0 und d
020 _a9502411668
041 _aspa
043 _aag
082 _a641.255
_pDAV
100 _aDavies, Kim
245 0 _aCócteles
_cKim Davies, traducido por Inés Cavagnaro
250 _aPrimera edición
260 _aBuenos Aires
_bAlbatros
_c2006
300 _a208 páginas
_bilustraciones
_c21 cm.
500 _aIncluye glosario
650 _aBebidas alcohólicas
650 _aCoctelería
650 _aCócteles
700 _aCavagnaro, Inés,
_eTraductor
902 _cImpreso
942 _c01
010 _a62279
999 _c226900
_d226900